Makbara

Guardado en:
Detalles Bibliográficos
Autor principal: Goytisolo, Juan (Autor)
Formato: Libro
Lenguaje:español
Publicado: Barcelona Seix Barral 1980
Edición:3a. ed
Colección:Biblioteca Breve, 453
Materias:
Etiquetas: Agregar Etiqueta
Sin Etiquetas, Sea el primero en etiquetar este registro!

MARC

LEADER 00000nam a2200000 a 4500
001 UCN6479
003 CL-VaPUC
008 010928e19800000SP |||||||||||||||||spa|d
082 0 4 |a 863  |b GOY  |2 21 
100 0 |a Goytisolo, Juan  |e author  |9 376899 
245 1 0 |a Makbara 
250 |a 3a. ed 
300 |a 222 p 
942 |c BK 
945 |d 20010928 00:00:00  |a vberengu 
260 |a Barcelona  |b Seix Barral  |c 1980 
650 0 |a Novelas españolas  |9 265052 
650 0 |a Literatura española  |9 306261 
583 |a last modification  |c 20010928 00:00:00  |k Rodrigo Vera 
490 0 |a Biblioteca Breve, 453 
999 |c 297232  |d 297230 
952 |0 0  |1 0  |4 0  |6 863_000000000000000_GOY_1980  |7 0  |8 A  |9 351776  |a FDOPOS  |b FDOPOS  |d 2019-11-21  |i 3756696  |o 863 GOY 1980  |p 3756696  |r 2025-01-22  |w 2019-11-21  |y BK  |k MLH